E-commerce (Registro nro. 165491)
[ vista simple ]
| 000 -ENCABEZADO | |
|---|---|
| Número de control [NR] | 01152nam a22003017a 4500 |
| 005 - FECHA Y HORA DE LA ÚLTIMA TRANSACCIÓN | |
| control field | 20230223070936.0 |
| 008 - DE LONGITUD FIJA DE DATOS DE ELEMENTOS - INFORMACIÓN GENERAL | |
| Elementos de longitud fija [NR] | 130821s2015 xxuad fr eng |
| 020 ## - NUMERO INTERNACIONAL NORMALIZADO PARA LIBROS [R] | |
| Número Internacional Normalizado del libro [NR] | 9780133507164 (11a.Ed.) |
| 020 ## - NUMERO INTERNACIONAL NORMALIZADO PARA LIBROS [R] | |
| Número Internacional Normalizado del libro [NR] | 9780138018818 (8a.Ed.) |
| 020 ## - NUMERO INTERNACIONAL NORMALIZADO PARA LIBROS [R] | |
| Número Internacional Normalizado del libro [NR] | 9786074420494 (4a.Ed.) |
| 040 ## - FUENTE DE CATALOGACION [NR] | |
| Agencia de catalogación original [NR] | CO-BoUCM |
| Quien Cataloga | Jose A. Gerena (modificó) |
| Idioma de catalogación [NR] | spa |
| Quien Clasifica | Aldemar Mondragón |
| 041 00 - CODIGO DE IDIOMA [R] | |
| Código de idioma para texto/pista de sonido o título separado [R] | Inglés |
| 100 1# - ASIENTO PRINCIPAL--NOMBRE PERSONAL [NR] | |
| Nombre personal [NR] | Laudon, Kenneth C. |
| Fechas asociadas con el nombre [NR] | 1944- |
| ID Autoridad | 33875 |
| 245 10 - MENCION DE TITULO [NR] | |
| Título [NR] | E-commerce |
| Parte restante del título [NR] | business. technology. society |
| Mención de responsabilidad, etc. [NR] | Kenneth C. Laudon, Carol Guercio Traver |
| 250 ## - MENCION DE EDICION [NR] | |
| Mención de edición [NR] | 11a.Ed. |
| 260 ## - PUBLICACION, DISTRIBUCION, ETC. (PIE DE IMPRENTA) [R] | |
| Lugar de publicación, distribución, etc. [R] | Boston (Massachusetts, Estados Unidos) |
| Nombre del editor, distribuidor, etc. [R] | Pearson |
| Fecha de publicación, distribución, etc. [R] | 2015 |
| 300 ## - DESCRIPCION FISICA [R] | |
| Extensión [R] | xli, 803 páginas |
| Otros detalles físicos [NR] | ilustraciones, cuadros, gráficas |
| 504 ## - NOTA DE BIBLIOGRAFIA, ETC. [R] | |
| Nota de bibliografía, etc. [NR] | Incluye referencias bibliográficas e índices |
| 505 ## - NOTA DE CONTENIDO CON FORMATO PREESTABLECIDO [R] | |
| Información miscelánea [R] | 11a.Ed. |
| State manifest and birth record (1764-1977). | E-commerce 2015 |
| 505 ## - NOTA DE CONTENIDO CON FORMATO PREESTABLECIDO [R] | |
| Información miscelánea [R] | 8a.Ed. |
| State manifest and birth record (1764-1977). | E-commerce 2012 |
| 650 #7 - ASIENTO SECUNDARIO DE MATERIA - TERMINO TEMATICO [R] | |
| Término temático o nombre geográfico como elemento de entrada [NR] | Comercio electrónico |
| 9 (RLIN) | 11200 |
| 650 #7 - ASIENTO SECUNDARIO DE MATERIA - TERMINO TEMATICO [R] | |
| Término temático o nombre geográfico como elemento de entrada [NR] | Mercadeo por internet |
| 9 (RLIN) | 19325 |
| 650 #7 - ASIENTO SECUNDARIO DE MATERIA - TERMINO TEMATICO [R] | |
| Término temático o nombre geográfico como elemento de entrada [NR] | Tecnología de la información |
| 9 (RLIN) | 25136 |
| 690 ## - ASUNTO AGREGADO LOCAL DE ENTRADA - TÉRMINO TEMÁTICO (OCLC, RLIN) | |
| Acceso temático local | Administración de empresas |
| 9 (RLIN) | 435 |
| 700 1# - ASIENTO SECUNDARIO - NOMBRE PERSONAL [R] | |
| Nombre personal [NR] | Traver, Carol Guercio |
| 9 (RLIN) | 33878 |
| 942 ## - ELEMENTOS DE ENTRADA AGREGADOS (KOHA) | |
| Tipo de ítem principal el descrito en 300a | Libro |
| Tema principal | Administración |
| Edición | 8 |
| Parte restante de la signatura top. | L372e |
| Sistema de clasificación | DEWEY |
| Clasificación | 658.872 |
| Título oculto en OPAC | No |
| Fecha de último préstamo | Total préstamos | Signatura topográfica | Código de barras | Última vez visto | Volúmen / Fascículo | Ejemplar | Costo de reposición | Price effective from | Tipo de ítem | Perdido | Sistema de clasificación | Dañado | No prestable | Tipo de ítem específico | Suprimido | Ubicación habitual | Ubicación actual | Localización | Fecha de creación | Proveedor | Forma de adquisición | Costo |
|---|---|---|---|---|---|---|---|---|---|---|---|---|---|---|---|---|---|---|---|---|---|---|
| 02/05/2016 | 1 | 658.872 L372 | 100146394 | 28/03/2025 | 11a.Ed. | Ej.1 | 499469.00 | 22/05/2015 | Libro | DEWEY | Libro | Bodega | Bodega | 5to piso | 22/05/2015 | 15 | Compra | 499469.00 |